| 000 | 00546ntaaa2200193 4500 | ||
|---|---|---|---|
| 003 | 01 | ||
| 005 | 20251027202316.0 | ||
| 008 | 0714s1973 ag 01 | ||
| 040 |
_aAR-BaBN _bspa _cAR-BaBN _eaacr _dRIC |
||
| 082 | _a280.1000 H91 | ||
| 100 |
_aHunt, George L _96848 |
||
| 245 | _aA guide to christian unity | ||
| 250 | _a1 ed. | ||
| 260 |
_aSt. Louis : _bBethany Press, _cc1963 |
||
| 300 | _a127 p | ||
| 500 | _aGuía a la unidad cristiana. Publicado en 1958 como "What is the nature of the unity we seek?" | ||
| 650 | _aecumenismo | ||
| 942 | _cBK | ||
| 999 |
_c17885 _d17885 |
||